Staatliche Diskriminierung der Schüler des Mystikers Osho in Deutschland und die Folgen: ein Bericht

Saved in:  
Bibliographic Details
Main Author: Gambke, Christian A. W. (Author)
Format: Print Article
Language:German
Check availability: HBZ Gateway
Interlibrary Loan:Interlibrary Loan for the Fachinformationsdienste (Specialized Information Services in Germany)
Published: 1998
In: Gewissen und Freiheit
Year: 1998, Issue: 50, Pages: 6-32
Further subjects:B Federal Republic of Germany
B Sects
B Religious freedom
B Religiöse Sondergemeinschaften
B Sekten
B special religious communities
B Bundesrepublik Deutschland
B Religious Freedom

MARC

LEADER 00000caa a2200000 c 4500
001 1659532248
003 DE-627
005 20241213173855.0
007 tu
008 980728s1998 xx ||||| 00| ||ger c
035 |a (DE-627)1659532248 
035 |a (DE-576)067326722 
035 |a (DE-599)BSZ067326722 
040 |a DE-627  |b ger  |c DE-627  |e rakwb 
041 |a ger 
084 |a 1  |a 0  |2 ssgn 
100 1 |a Gambke, Christian A. W.  |4 aut 
245 1 0 |a Staatliche Diskriminierung der Schüler des Mystikers Osho in Deutschland und die Folgen  |b ein Bericht  |c Christian A. Gambke 
264 1 |c 1998 
300 |a Nr. 50, S. 6 - 32 
336 |a Text  |b txt  |2 rdacontent 
337 |a ohne Hilfsmittel zu benutzen  |b n  |2 rdamedia 
338 |a Band  |b nc  |2 rdacarrier 
601 |a Diskriminierung 
601 |a Deutschland 
601 |a Bericht 
650 4 |a Religionsfreiheit 
650 4 |a Bundesrepublik Deutschland 
650 4 |a Sekten 
650 4 |a Religiöse Sondergemeinschaften 
650 4 |a Religious Freedom 
650 4 |a Federal Republic of Germany 
650 4 |a Sects 
650 4 |a special religious communities 
773 0 8 |i In  |t Gewissen und Freiheit  |d Bern, Schweiz : Internationale Vereinigung zur Verteidigung der Religionsfreiheit (IVVR), 1973  |g 26 (1998), H. 50, S. 6-32  |w (DE-627)130164313  |w (DE-600)518865-9  |w (DE-576)015707458  |x 0259-0379  |7 nnas 
773 1 8 |g year:1998  |g number:50  |g pages:6-32 
889 |w (DE-627)596697821 
935 |a mteo 
935 |i mdedup 
951 |a AR 
ELC |b 1 
ITA |a 1 
LOK |0 000 xxxxxcx a22 zn 4500 
LOK |0 001 3410515968 
LOK |0 003 DE-627 
LOK |0 004 1659532248 
LOK |0 005 20170310104002 
LOK |0 008 120116||||||||||||||||ger||||||| 
LOK |0 040   |a DE-21-31  |c DE-627  |d DE-21-31 
LOK |0 852   |a DE-21-31 
LOK |0 852 1  |c Ze 380-50  |m p  |9 00 
LOK |0 852 2  |b Magazin  |9 00 
LOK |0 938   |k p 
LOK |0 939   |a 16-01-12  |b l01 
ORI |a SA-MARC-ixtheoa001.raw 
REL |a 1 
STA 0 0 |a Religious freedom,Freedom of religion,Religious liberty 
STB 0 0 |a Liberté religieuse 
STC 0 0 |a Libertad de religión 
STD 0 0 |a Libertà di religione 
STE 0 0 |a 宗教自由,信教自由 
STF 0 0 |a 宗教自由,信教自由 
STG 0 0 |a Liberdade de religião 
STH 0 0 |a Свобода вероисповедания 
STI 0 0 |a Θρησκευτική ελευθερία 
SUB |a REL 
SYE 0 0 |a Religiöse Freiheit